[Event "RUS-ch Rapid"]
[Site "Sochi"]
[Date "2023.10.15"]
[Round "3"]
[White "Alekseev, Evgeny V"]
[Black "Nevostrujev, Vladimir"]
[Result "1/2-1/2"]
[WhiteElo "2573"]
[BlackElo "2381"]
[PlyCount "86"]
[EventDate "2023.10.15"]
[EventType "swiss (rapid)"]
[EventRounds "11"]
[EventCountry "RUS"]
[SourceTitle "Mega2024 Update 01"]
[Source "Chessbase"]
[SourceDate "2023.11.12"]
[SourceVersion "1"]
[SourceVersionDate "2023.11.12"]
[SourceQuality "1"]

1. e4 c5 2. Nf3 d6 3. Bb5+ Bd7 4. c4 Nf6 5. Nc3 e6 6. d4 cxd4 7. Nxd4 Be7 8. Bxd7+ Qxd7 9. 0-0 0-0 10. Be3 a6 11. Qe2 Nc6 12. Rfd1 Rfc8 13. Nf3 Qc7 14. Rac1 Nb8 15. b3 Nbd7 16. Nd4 b6 17. f3 Qb7 18. Bf2 Rc7 19. a4 Nc5 20. Rb1 Rac8 21. Nc2 Ncd7 22. Nd4 Nc5 23. Rd2 Nh5 24. Be3 Nf6 25. Qf2 Ncd7 26. Nde2 h6 27. h3 Nc5 28. Bf4 Ne8 29. Qg3 Kh7 30. Qf2 Nd7 31. Kh1 Nc5 32. Qe1 Bf6 33. Qg3 Nd7 34. Qe1 Nc5 35. Qd1 Be7 36. b4 Nd7 37. c5 e5 38. Be3 Ndf6 39. Nd5 Nxd5 40. Rxd5 Nf6 41. Rd2 dxc5 42. bxc5 Bxc5 43. Bxc5 Rxc5 1/2-1/2

[Event "RUS-ch Blitz"]
[Site "Sochi"]
[Date "2023.10.14"]
[Round "13"]
[White "Nevostrujev, Vladimir"]
[Black "Avanesian, Artem"]
[Result "0-1"]
[WhiteElo "2381"]
[BlackElo "1600"]
[PlyCount "96"]
[EventDate "2023.10.14"]
[EventType "swiss (blitz)"]
[EventRounds "13"]
[EventCountry "RUS"]
[SourceTitle "Mega2024 Update 01"]
[Source "Chessbase"]
[SourceDate "2023.11.12"]
[SourceVersion "1"]
[SourceVersionDate "2023.11.12"]
[SourceQuality "1"]

1. e4 c6 2. d4 d5 3. Nc3 dxe4 4. Nxe4 Nf6 5. Nxf6+ exf6 6. c3 Bd6 7. Bd3 Na6 8. Ne2 Nc7 9. Qc2 h5 10. Bf4 Nd5 11. Bxd6 Qxd6 12. 0-0-0 Be6 13. Kb1 0-0-0 14. Ng3 g6 15. Ne4 Qf4 16. Nc5 Bf5 17. Bxf5+ Qxf5 18. Qxf5+ gxf5 19. Nd3 Rhg8 20. Rhg1 Rde8 21. Kc1 h4 22. Kd2 Kd7 23. c4 Nc7 24. g3 Ne6 25. Kc3 h3 26. Rge1 Ng5 27. Rxe8 Rxe8 28. Re1 Rxe1 29. Nxe1 Ne4+ 30. Kd3 Nxf2+ 31. Ke2 Ng4 32. Nf3 Ke6 33. Ng1 f4 34. Nxh3 fxg3 35. hxg3 Kf5 36. Nf2 Nxf2 37. Kxf2 Ke4 38. d5 cxd5 39. cxd5 Kxd5 40. Ke3 Ke5 41. a4 Kf5 42. Kf3 a5 43. b3 b6 44. Ke3 Kg4 45. Kf2 f5 46. Kg2 f4 47. gxf4 Kxf4 48. Kf2 f5 0-1

[Event "RUS-ch Blitz"]
[Site "Sochi"]
[Date "2023.10.14"]
[Round "9"]
[White "Nevostrujev, Vladimir"]
[Black "Mikhailovsky, Vladimir"]
[Result "1-0"]
[WhiteElo "2381"]
[BlackElo "2215"]
[PlyCount "85"]
[EventDate "2023.10.14"]
[EventType "swiss (blitz)"]
[EventRounds "13"]
[EventCountry "RUS"]
[SourceTitle "Mega2024 Update 01"]
[Source "Chessbase"]
[SourceDate "2023.11.12"]
[SourceVersion "1"]
[SourceVersionDate "2023.11.12"]
[SourceQuality "1"]

1. e4 Nf6 2. e5 Nd5 3. d4 d6 4. Nf3 dxe5 5. Nxe5 c6 6. Bc4 Bf5 7. 0-0 Nd7 8. Nf3 e6 9. Re1 Bd6 10. Nbd2 0-0 11. Ne4 Be7 12. Bb3 N7f6 13. Ng3 Bg6 14. Ne5 c5 15. c4 Nb4 16. Nxg6 hxg6 17. Be3 Qc7 18. Qf3 Rad8 19. Rad1 cxd4 20. Bxd4 Nc6 21. Bc3 Rxd1 22. Rxd1 Rd8 23. a3 Rxd1+ 24. Qxd1 Na5 25. Ba2 Nc6 26. b4 Bd6 27. c5 Be5 28. Qd3 Bxc3 29. Qxc3 Qf4 30. Qe3 Qh4 31. Nf1 Ne7 32. Qf3 Ned5 33. g3 Qd4 34. Kg2 Qb2 35. Bxd5 Nxd5 36. Ne3 Nf6 37. Qxb7 Qxa3 38. c6 Ne8 39. Qb8 Kf8 40. c7 Qd3 41. c8Q Qe4+ 42. Kg1 Qb1+ 43. Nf1 1-0

[Event "RUS-ch Blitz"]
[Site "Sochi"]
[Date "2023.10.14"]
[Round "12"]
[White "Vetokhin, Savva"]
[Black "Nevostrujev, Vladimir"]
[Result "1-0"]
[WhiteElo "2400"]
[BlackElo "2381"]
[PlyCount "109"]
[EventDate "2023.10.14"]
[EventType "swiss (blitz)"]
[EventRounds "13"]
[EventCountry "RUS"]
[SourceTitle "Mega2024 Update 01"]
[Source "Chessbase"]
[SourceDate "2023.11.12"]
[SourceVersion "1"]
[SourceVersionDate "2023.11.12"]
[SourceQuality "1"]

1. d4 Nf6 2. c4 g6 3. Nc3 Bg7 4. Nf3 0-0 5. g3 d6 6. Bg2 Nbd7 7. 0-0 e5 8. e4 exd4 9. Nxd4 Re8 10. h3 Nc5 11. Re1 a5 12. Bf4 h6 13. Qc2 Nfxe4 14. Nxe4 Bxd4 15. Rad1 Rxe4 16. Bxe4 Qf6 17. Rxd4 Qxd4 18. Bxg6 Be6 19. Bxh6 fxg6 20. Qxg6+ Kh8 21. Qh5 Kg8 22. Qg6+ Kh8 23. Be3 Qg7 24. Qxg7+ Kxg7 25. Bxc5 Bxc4 26. Bd4+ Kf7 27. b3 Be6 28. g4 a4 29. Re3 axb3 30. axb3 c5 31. Bb2 Ra2 32. Bh8 Ra8 33. Rf3+ Kg8 34. Bf6 Ra3 35. Be7 Ra1+ 36. Kh2 Rd1 37. Rf6 Bxb3 38. Rxd6 Rf1 39. Rd8+ Kf7 40. Bxc5 Be6 41. Kg3 Rg1+ 42. Kf4 Rc1 43. Bd4 Rc4 44. Ke3 b5 45. f4 Ke7 46. Rb8 Bd7 47. f5 Ra4 48. f6+ Ke6 49. Rb6+ Kf7 50. Bc5 Rc4 51. Bd4 Rc1 52. Kf4 Rc4 53. Ke5 Rc1 54. Rb7 Re1+ 55. Kd6 1-0

[Event "RUS-ch rapid GP final"]
[Site "Khanty-Mansiysk"]
[Date "2017.12.02"]
[Round "10"]
[White "Nevostrujev, Vladimir"]
[Black "Bocharov, Dmitry"]
[Result "0-1"]
[WhiteElo "2419"]
[BlackElo "2583"]
[PlyCount "98"]
[EventDate "2017.12.01"]
[EventType "tourn (rapid)"]
[EventRounds "15"]
[EventCountry "RUS"]
[EventCategory "11"]
[SourceTitle "CBM 181 Extra"]
[Source "ChessBase"]
[SourceDate "2017.12.12"]
[SourceVersion "1"]
[SourceVersionDate "2017.12.12"]
[SourceQuality "1"]

1. e4 g6 2. d4 Bg7 3. Nf3 d6 4. Bc4 e6 5. 0-0 a6 6. Bb3 Nd7 7. c3 b6 8. Re1 Bb7 9. h3 Ne7 10. Nbd2 0-0 11. Nf1 c5 12. Bf4 e5 13. Bg5 h6 14. Bh4 cxd4 15. cxd4 exd4 16. Nxd4 Nc5 17. Bc2 Qd7 18. Qd2 Nc6 19. Nxc6 Bxc6 20. Rad1 Qb7 21. f3 Ne6 22. Bf2 Rac8 23. Ne3 Rfd8 24. Bb3 b5 25. Bd5 Kh7 26. Rc1 Nf4 27. Bxc6 Rxc6 28. Rxc6 Qxc6 29. Bg3 Nh5 30. Bf2 Nf4 31. Bg3 Ne6 32. Rc1 Qb7 33. b3 Be5 34. Bf2 h5 35. Nd5 Rc8 36. Be3 Rxc1+ 37. Qxc1 a5 38. Kf1 a4 39. Qd2 axb3 40. axb3 Qa6 41. Kf2 Qa1 42. f4 Bg7 43. Qe2 Qb1 44. Qxb5 Qxe4 45. Qc4 Qb1 46. b4 Qb2+ 47. Kf1 Nd4 48. Qd3 Qa1+ 49. Kf2 Qa2+ 0-1

[Event "RUS-ch rapid GP final"]
[Site "Khanty-Mansiysk"]
[Date "2017.12.02"]
[Round "8"]
[White "Nevostrujev, Vladimir"]
[Black "Frolyanov, Dmitry"]
[Result "1/2-1/2"]
[WhiteElo "2419"]
[BlackElo "2576"]
[PlyCount "67"]
[EventDate "2017.12.01"]
[EventType "tourn (rapid)"]
[EventRounds "15"]
[EventCountry "RUS"]
[EventCategory "11"]
[SourceTitle "CBM 181 Extra"]
[Source "ChessBase"]
[SourceDate "2017.12.12"]
[SourceVersion "1"]
[SourceVersionDate "2017.12.12"]
[SourceQuality "1"]

1. e4 c5 2. Nf3 Nc6 3. d4 cxd4 4. Nxd4 Nf6 5. Nc3 e5 6. Ndb5 d6 7. Bg5 a6 8. Na3 b5 9. Nd5 Be7 10. Bxf6 Bxf6 11. c3 Rb8 12. Nc2 Bg5 13. a4 bxa4 14. Ncb4 Nxb4 15. cxb4 0-0 16. Rxa4 a5 17. h4 Bh6 18. bxa5 Rxb2 19. a6 Bd2+ 20. Qxd2 Rxd2 21. Kxd2 Qd7 22. Rb4 Qa7 23. Be2 Be6 24. Rhb1 f5 25. Rb7 Qd4+ 26. Ke1 fxe4 27. Ne7+ Kh8 28. Rb8 Qxf2+ 29. Kd1 Qd4+ 30. Kc2 Qa4+ 31. Kc1 Qa3+ 32. Kd1 Qa4+ 33. Kc1 Qa3+ 34. Kd1 1/2-1/2

[Event "RUS-ch rapid GP final"]
[Site "Khanty-Mansiysk"]
[Date "2017.12.01"]
[Round "4"]
[White "Jakovenko, Dmitrij"]
[Black "Nevostrujev, Vladimir"]
[Result "1-0"]
[WhiteElo "2730"]
[BlackElo "2419"]
[PlyCount "117"]
[EventDate "2017.12.01"]
[EventType "tourn (rapid)"]
[EventRounds "15"]
[EventCountry "RUS"]
[EventCategory "11"]
[SourceTitle "CBM 181 Extra"]
[Source "ChessBase"]
[SourceDate "2017.12.12"]
[SourceVersion "1"]
[SourceVersionDate "2017.12.12"]
[SourceQuality "1"]

1. e4 c5 2. Nf3 d6 3. d4 cxd4 4. Nxd4 Nf6 5. Nc3 a6 6. Be3 e5 7. Nb3 Be6 8. Qd2 Be7 9. 0-0-0 Nbd7 10. f3 0-0 11. g4 b5 12. g5 b4 13. Ne2 Ne8 14. f4 a5 15. f5 Bxb3 16. cxb3 a4 17. bxa4 Rxa4 18. f6 gxf6 19. Kb1 Qa8 20. Nc1 b3 21. a3 Nc7 22. gxf6 Nxf6 23. Bh6 Kh8 24. Bxf8 Bxf8 25. Nxb3 Qxe4+ 26. Bd3 Qh4 27. Qc2 Ne6 28. Bf5 Rc4 29. Qe2 Ng7 30. Bd3 Rf4 31. Rhf1 Ne6 32. Bf5 Ng7 33. Rxf4 Qxf4 34. Bc2 Ne6 35. Rf1 Qh4 36. Qf2 Qxf2 37. Rxf2 Kg7 38. a4 Nd5 39. Rg2+ Kf6 40. Bxh7 Nb4 41. Nc1 d5 42. Rf2+ Nf4 43. Ne2 Bh6 44. a5 Ke6 45. Nxf4+ Bxf4 46. Rf3 Kd6 47. h4 d4 48. h5 f6 49. Be4 Ke6 50. Rxf4 exf4 51. h6 Kf7 52. Kc1 Na6 53. Kd2 Nc5 54. Bd5+ Kg6 55. b4 Nd7 56. a6 Kxh6 57. a7 Nb6 58. a8Q Nxa8 59. Bxa8 1-0

[Event "Pavlodar op"]
[Site "Pavlodar"]
[Date "2017.11.22"]
[Round "2"]
[White "Alekseeva, Irina Kon"]
[Black "Nevostrujev, Vladimir"]
[Result "0-1"]
[WhiteElo "2131"]
[BlackElo "2419"]
[PlyCount "60"]
[EventDate "2017.11.21"]
[EventType "swiss"]
[EventRounds "9"]
[EventCountry "KAZ"]
[SourceTitle "EXT 2019"]
[Source "ChessBase"]
[SourceDate "2018.10.10"]
[SourceVersion "1"]
[SourceVersionDate "2018.10.10"]
[SourceQuality "1"]

1. e4 c5 2. Nf3 d6 3. d4 cxd4 4. Nxd4 Nf6 5. Nc3 g6 6. Bg5 e6 7. f4 b5 8. e5 dxe5 9. fxe5 Qc7 10. Qe2 Nfd7 11. 0-0-0 Bb7 12. h4 b4 13. Nb1 Nc6 14. Nxc6 Bxc6 15. Rh3 Nxe5 16. Re3 Bb5 17. Qe1 Bxf1 18. Qxf1 Bc5 19. Re2 0-0 20. Bf4 Rac8 21. Nc3 bxc3 22. Bxe5 Qa5 23. Kb1 Rb8 24. b3 f6 25. Bf4 e5 26. Bc1 Rfd8 27. Ree1 Qb5 28. Qf3 Bd4 29. h5 a5 30. h6 g5 0-1

[Event "Pavlodar op"]
[Site "Pavlodar"]
[Date "2016.11.27"]
[Round "8"]
[White "Egorov, Evgeni"]
[Black "Nevostrujev, Vladimir"]
[Result "1/2-1/2"]
[WhiteElo "2361"]
[BlackElo "2406"]
[PlyCount "159"]
[EventDate "2016.11.21"]
[EventType "swiss"]
[EventRounds "10"]
[EventCountry "KAZ"]
[SourceTitle "EXT 2018"]
[Source "ChessBase"]
[SourceDate "2017.10.13"]
[SourceVersion "1"]
[SourceVersionDate "2017.10.13"]
[SourceQuality "1"]

1. e4 c5 2. Nc3 e6 3. g3 d5 4. exd5 exd5 5. Bg2 Nf6 6. Nge2 d4 7. Ne4 Nxe4 8. Bxe4 Bd6 9. 0-0 0-0 10. d3 Nd7 11. a3 Re8 12. Rb1 Nf6 13. Bg5 h6 14. Bxf6 Qxf6 15. Nc1 Re7 16. Nb3 Bh3 17. Re1 Rae8 18. Qh5 Bc8 19. Nd2 Qg5 20. Qxg5 hxg5 21. b4 Kf8 22. Red1 cxb4 23. axb4 Rc7 24. Rb2 Be6 25. Ra1 Rec8 26. Nf3 b5 27. Rbb1 Bd7 28. Ra6 Be7 29. Nxd4 Bf6 30. Nb3 Rxc2 31. Rxa7 Be6 32. d4 Bxb3 33. Rxb3 Bxd4 34. Bxc2 Bxa7 35. Bd3 g4 36. Ra3 Bd4 37. Bxb5 Rc2 38. Ra8+ Ke7 39. Re8+ Kd6 40. Be2 f5 41. Bd3 Rb2 42. Bxf5 Bxf2+ 43. Kf1 Bd4 44. Bxg4 Rf2+ 45. Ke1 Rxh2 46. Kd1 Rb2 47. Rd8+ Ke5 48. Rb8 Rb1+ 49. Kc2 Rb2+ 50. Kc1 Rb3 51. b5 Rxg3 52. Bh5 Rb3 53. Kc2 Rc3+ 54. Kd2 Rb3 55. Bd1 Rb4 56. Kd3 Kd6 57. Bh5 Kc7 58. Rh8 Bf6 59. Be8 Rd4+ 60. Ke3 Rd8 61. Rg8 Rb8 62. Ke4 Kd6 63. Bf7 Rxb5 64. Re8 Be7 65. Ra8 Re5+ 66. Kf4 Bg5+ 67. Kg4 Bh6 68. Ra6+ Ke7 69. Bb3 Rg5+ 70. Kh4 Rg1 71. Bc2 Bg5+ 72. Kh3 Bf6 73. Kh2 Rc1 74. Be4 Re1 75. Bg6 Be5+ 76. Kg2 Bd6 77. Kf3 Ke6 78. Kf2 Rd1 79. Kf3 Ke5 80. Bc2 1/2-1/2

[Event "Pavlodar op"]
[Site "Pavlodar"]
[Date "2015.12.16"]
[Round "10"]
[White "Markov, Mikhail2222"]
[Black "Nevostrujev, Vladimir"]
[Result "1/2-1/2"]
[WhiteElo "2344"]
[BlackElo "2427"]
[PlyCount "73"]
[EventDate "2015.12.07"]
[EventType "swiss"]
[EventRounds "10"]
[EventCountry "KAZ"]
[SourceTitle "EXT 2017"]
[Source "ChessBase"]
[SourceDate "2016.10.25"]
[SourceVersion "1"]
[SourceVersionDate "2016.10.25"]
[SourceQuality "1"]

1. c4 Nf6 2. Nf3 c5 3. Nc3 b6 4. g3 Bb7 5. Bg2 e6 6. 0-0 d6 7. d4 cxd4 8. Qxd4 a6 9. Bg5 Nbd7 10. Qd2 Be7 11. Bf4 Nc5 12. Rfd1 Qc8 13. Qe3 Qc7 14. Rac1 0-0 15. b4 Nce4 16. Nxe4 Nxe4 17. Nd4 Nf6 18. c5 Bxg2 19. cxd6 Qb7 20. dxe7 Rfc8 21. Rxc8+ Rxc8 22. Nf3 Bh3 23. Rd8+ Ne8 24. Ne1 f6 25. f3 Kf7 26. Rxc8 Qxc8 27. Qxb6 Qc4 28. Kf2 Qxa2 29. Be3 Bf5 30. Bc5 h6 31. h4 e5 32. Qd8 Be6 33. Qd3 Bc4 34. Qe4 Bb5 35. f4 exf4 36. gxf4 Qe6 37. Qf3 1/2-1/2

[Event "Pavlodar op"]
[Site "Pavlodar"]
[Date "2015.12.11"]
[Round "6"]
[White "Nevostrujev, Vladimir"]
[Black "Khanin, Semen"]
[Result "1-0"]
[WhiteElo "2427"]
[BlackElo "2377"]
[PlyCount "41"]
[EventDate "2015.12.07"]
[EventType "swiss"]
[EventRounds "10"]
[EventCountry "KAZ"]
[SourceTitle "EXT 2017"]
[Source "ChessBase"]
[SourceDate "2016.10.25"]
[SourceVersion "1"]
[SourceVersionDate "2016.10.25"]
[SourceQuality "1"]

1. e4 c5 2. Nf3 e6 3. d4 cxd4 4. Nxd4 Nc6 5. Nc3 Qc7 6. g3 a6 7. Bg2 Nf6 8. 0-0 h5 9. Nxc6 bxc6 10. Be3 Ng4 11. Bg5 Bc5 12. e5 Nxe5 13. Ne4 Bf8 14. Qd4 f6 15. Bf4 c5 16. Qe3 Bb7 17. Rad1 0-0-0 18. Bxe5 fxe5 19. Ng5 Re8 20. Nf7 Rg8 21. Nxe5 1-0

[Event "Pavlodar op"]
[Site "Pavlodar"]
[Date "2015.12.09"]
[Round "4"]
[White "Baimurzin, Aitkazy"]
[Black "Nevostrujev, Vladimir"]
[Result "0-1"]
[WhiteElo "2140"]
[BlackElo "2427"]
[PlyCount "46"]
[EventDate "2015.12.07"]
[EventType "swiss"]
[EventRounds "10"]
[EventCountry "KAZ"]
[SourceTitle "EXT 2017"]
[Source "ChessBase"]
[SourceDate "2016.10.25"]
[SourceVersion "1"]
[SourceVersionDate "2016.10.25"]
[SourceQuality "1"]

1. c4 c5 2. g3 g6 3. Bg2 Bg7 4. Nc3 Nf6 5. Nf3 0-0 6. 0-0 d5 7. cxd5 Nxd5 8. Nxd5 Qxd5 9. d3 Nc6 10. Be3 Bd7 11. Nd4 Qd6 12. Nxc6 Bxc6 13. Bxc6 Qxc6 14. Rc1 Qe6 15. Rxc5 Qxa2 16. Rb5 Qa6 17. Qb3 b6 18. Rc1 Rfc8 19. Rc4 h5 20. Rd4 Qb7 21. h4 Rc6 22. Rbd5 a6 23. Rf4 e6 0-1

[Event "Pavlodar op"]
[Site "Pavlodar"]
[Date "2015.12.08"]
[Round "3"]
[White "Nevostrujev, Vladimir"]
[Black "Burmakin, Vladimir"]
[Result "1/2-1/2"]
[WhiteElo "2427"]
[BlackElo "2556"]
[PlyCount "25"]
[EventDate "2015.12.07"]
[EventType "swiss"]
[EventRounds "10"]
[EventCountry "KAZ"]
[SourceTitle "EXT 2017"]
[Source "ChessBase"]
[SourceDate "2016.10.25"]
[SourceVersion "1"]
[SourceVersionDate "2016.10.25"]
[SourceQuality "1"]

1. e4 c6 2. d4 d5 3. Nc3 dxe4 4. Nxe4 Nf6 5. Nxf6+ exf6 6. Bc4 Bd6 7. Qe2+ Qe7 8. Qxe7+ Kxe7 9. Ne2 Be6 10. Bxe6 fxe6 11. Bf4 Rd8 12. 0-0-0 Na6 13. Rhe1 1/2-1/2

[Event "Kemerovo Region Cup"]
[Site "Kemerovo"]
[Date "2014.08.22"]
[Round "2"]
[White "Gontcharov, Vladislav"]
[Black "Nevostrujev, Vladimir"]
[Result "1-0"]
[WhiteElo "2413"]
[BlackElo "2429"]
[PlyCount "63"]
[EventDate "2014.08.21"]
[EventType "swiss"]
[EventRounds "7"]
[EventCountry "RUS"]
[SourceTitle "CBM 162 Extra"]
[Source "ChessBase"]
[SourceDate "2014.10.17"]
[SourceVersion "1"]
[SourceVersionDate "2014.10.17"]
[SourceQuality "1"]

1. d4 d5 2. c4 dxc4 3. e4 e5 4. Nf3 exd4 5. Bxc4 Bb4+ 6. Nbd2 Nc6 7. 0-0 Nf6 8. e5 Nd5 9. Nb3 Be7 10. Bb5 Bd7 11. Bxc6 Bxc6 12. Nbxd4 Bd7 13. Qb3 Bc8 14. Bg5 Bxg5 15. Nxg5 Qxg5 16. Qxd5 0-0 17. f4 Qe7 18. f5 Rd8 19. Qe4 c5 20. Nf3 Bd7 21. f6 gxf6 22. Qh4 Qe6 23. Rae1 Qg4 24. Qxf6 Qg6 25. Qe7 Bc6 26. e6 Rf8 27. Nh4 Qg7 28. Re3 Kh8 29. exf7 Rad8 30. Rg3 Qd4+ 31. Kh1 Qd6 32. Qe3 1-0

[Event "Kemerovo Region Cup"]
[Site "Kemerovo"]
[Date "2014.08.21"]
[Round "1"]
[White "Nevostrujev, Vladimir"]
[Black "Piskunov, Alexandr"]
[Result "1/2-1/2"]
[WhiteElo "2429"]
[BlackElo "2354"]
[PlyCount "39"]
[EventDate "2014.08.21"]
[EventType "swiss"]
[EventRounds "7"]
[EventCountry "RUS"]
[SourceTitle "CBM 162 Extra"]
[Source "ChessBase"]
[SourceDate "2014.10.17"]
[SourceVersion "1"]
[SourceVersionDate "2014.10.17"]
[SourceQuality "1"]

1. e4 d6 2. d4 Nf6 3. Nc3 e5 4. Nf3 Nbd7 5. Bc4 Be7 6. 0-0 0-0 7. Re1 c6 8. a4 exd4 9. Nxd4 Ne5 10. Bf1 Re8 11. h3 Bd7 12. g3 Qc7 13. Bg2 Rad8 14. b3 d5 15. exd5 Bb4 16. Re3 Bxc3 17. Rxc3 Nxd5 18. Bxd5 Qa5 19. Bxf7+ Nxf7 20. Re3 1/2-1/2

[Event "RUS-ch Higher League 67th"]
[Site "Vladivostok"]
[Date "2014.06.07"]
[Round "4"]
[White "Nevostrujev, Vladimir"]
[Black "Oparin, Grigoriy"]
[Result "1-0"]
[WhiteElo "2421"]
[BlackElo "2552"]
[PlyCount "131"]
[EventDate "2014.06.04"]
[EventType "swiss"]
[EventRounds "9"]
[EventCountry "RUS"]
[SourceTitle "CBM 161"]
[Source "ChessBase"]
[SourceDate "2014.07.16"]
[SourceVersion "1"]
[SourceVersionDate "2014.07.16"]
[SourceQuality "1"]

1. e4 c5 2. Nf3 d6 3. d4 cxd4 4. Nxd4 Nf6 5. Nc3 a6 6. g3 e5 7. Nde2 Be7 8. Bg2 0-0 9. a4 Be6 10. 0-0 Nbd7 11. Kh1 Rc8 12. f4 Qb6 13. a5 Qc5 14. Bd2 exf4 15. gxf4 Ng4 16. f5 Bc4 17. b3 Bxe2 18. Qxe2 Bf6 19. e5 Qxe5 20. Qxg4 Rxc3 21. Bxc3 Qxc3 22. Ra2 Ne5 23. Qg3 Qc7 24. b4 h5 25. Bd5 Ng4 26. h3 Be5 27. Qd3 Nf6 28. c4 Rc8 29. Bf3 b6 30. axb6 Qxb6 31. Rb1 Bd4 32. Rd2 Be5 33. Ra2 Bd4 34. c5 dxc5 35. Rxa6 Qd8 36. Rd1 Ng4 37. Bxg4 hxg4 38. Qe4 Qc7 39. b5 gxh3 40. b6 Qd6 41. Rb1 Qg3 42. b7 Rb8 43. Ra2 Kh7 44. Rf1 f6 45. Rd2 Kh8 46. Rb1 Kg8 47. Rd3 Qd6 48. Qe6+ Qxe6 49. fxe6 Kf8 50. Ra3 Ke7 51. Ra8 Be5 52. Rb5 Kxe6 53. Rxb8 Bxb8 54. Rxc5 g5 55. Rc8 Bf4 56. b8Q Bxb8 57. Rxb8 g4 58. Kh2 f5 59. Kg3 Kf6 60. Rg8 Ke5 61. Rf8 Ke4 62. Re8+ Kd4 63. Re7 Kd5 64. Kf4 Kd6 65. Re8 Kd7 66. Rh8 1-0

[Event "RUS-ch Higher League 67th"]
[Site "Vladivostok"]
[Date "2014.06.06"]
[Round "3"]
[White "Vorobiov, Evgeny E"]
[Black "Nevostrujev, Vladimir"]
[Result "1/2-1/2"]
[WhiteElo "2587"]
[BlackElo "2421"]
[PlyCount "92"]
[EventDate "2014.06.04"]
[EventType "swiss"]
[EventRounds "9"]
[EventCountry "RUS"]
[SourceTitle "CBM 161"]
[Source "ChessBase"]
[SourceDate "2014.07.16"]
[SourceVersion "1"]
[SourceVersionDate "2014.07.16"]
[SourceQuality "1"]

1. d4 d5 2. c4 dxc4 3. Nf3 e6 4. e3 Nf6 5. Bxc4 c5 6. 0-0 a6 7. Bb3 Nc6 8. Nc3 Be7 9. dxc5 Nd7 10. Nd4 Qc7 11. Ne4 0-0 12. Bc2 g6 13. Nxc6 Qxc6 14. b4 a5 15. bxa5 Nxc5 16. Qd4 Nxe4 17. Bxe4 Qd6 18. Qxd6 Bxd6 19. Bd2 Bc7 20. Bb4 Re8 21. a6 Rxa6 22. Rac1 Bd6 23. Bxd6 Rxd6 24. Rfd1 Rxd1+ 25. Rxd1 Kf8 26. g4 e5 27. g5 Be6 28. a4 Ra8 29. Ra1 Ra7 30. a5 Ke7 31. Kg2 b5 32. axb6 Rxa1 33. b7 Rb1 34. Bxb1 Bd5+ 35. Kg3 Bxb7 36. h4 f6 37. h5 fxg5 38. h6 Kf6 39. Ba2 Bc8 40. Bg8 g4 41. Kh4 Bf5 42. Bc4 g5+ 43. Kh5 Bc2 44. Kxg4 Bd1+ 45. Kg3 e4 46. f4 Kg6 1/2-1/2

[Event "Pavlodar op"]
[Site "Pavlodar"]
[Date "2013.12.18"]
[Round "9"]
[White "Efanov, Mikhail"]
[Black "Nevostrujev, Vladimir"]
[Result "0-1"]
[WhiteElo "2091"]
[BlackElo "2433"]
[PlyCount "113"]
[EventDate "2013.12.10"]
[EventType "swiss"]
[EventRounds "10"]
[EventCountry "KAZ"]
[SourceTitle "CBM 158 Extra"]
[Source "ChessBase"]
[SourceDate "2014.02.28"]
[SourceVersion "1"]
[SourceVersionDate "2014.02.28"]
[SourceQuality "1"]

1. d4 Nf6 2. c4 g6 3. Nc3 d5 4. cxd5 Nxd5 5. e4 Nxc3 6. bxc3 Bg7 7. Bc4 c5 8. Ne2 0-0 9. 0-0 Nc6 10. Be3 Qc7 11. Rc1 Bd7 12. Bf4 Qc8 13. Qd2 Rd8 14. Bg5 Qc7 15. Bb3 cxd4 16. cxd4 Qa5 17. Rfd1 Qxd2 18. Rxd2 h6 19. Be3 Be8 20. h3 Kf8 21. f4 Na5 22. Rc7 Nxb3 23. axb3 a5 24. Nc3 Rdc8 25. Nd5 e6 26. Rdc2 Bc6 27. Rxc8+ Rxc8 28. Nb6 Rd8 29. d5 exd5 30. exd5 Bb5 31. Rc5 Re8 32. Kf2 Bd3 33. d6 Bf5 34. d7 Rd8 35. Rc8 Bf6 36. Rc7 Be6 37. Rxb7 h5 38. Ra7 Bxb3 39. g3 a4 40. Nxa4 Bxa4 41. Rxa4 Rxd7 42. g4 Kg7 43. Kf3 Rd3 44. Ke2 Rb3 45. Kf2 Kh7 46. Ra5 Bd8 47. Rd5 Bh4+ 48. Kf3 Ra3 49. Ke4 Ra1 50. Rd7 Kg8 51. Rc7 Bf6 52. Rc1 Ra2 53. Kf3 Kg7 54. Rd1 Ra3 55. Rd5 Bb2 56. Ke4 Rb3 57. Rd3 0-1

[Event "Kemerovo Region-ch"]
[Site "Kemerovo"]
[Date "2013.10.22"]
[Round "7"]
[White "Nevostrujev, Vladimir"]
[Black "Bondar, Evgeniy"]
[Result "0-1"]
[WhiteElo "2451"]
[BlackElo "2147"]
[PlyCount "86"]
[EventDate "2013.10.18"]
[EventType "swiss"]
[EventRounds "9"]
[EventCountry "RUS"]
[SourceTitle "EXT 2014"]
[Source "ChessBase"]
[SourceDate "2013.11.20"]
[SourceVersion "1"]
[SourceVersionDate "2013.11.20"]
[SourceQuality "1"]

1. e4 e5 2. Nf3 Nc6 3. Bb5 a6 4. Ba4 Nf6 5. 0-0 Be7 6. Re1 b5 7. Bb3 d6 8. c3 0-0 9. h3 Bb7 10. d4 Re8 11. Ng5 Rf8 12. a3 Na5 13. Ba2 h6 14. Nf3 exd4 15. cxd4 Nxe4 16. d5 Nf6 17. Nc3 c5 18. dxc6 Nxc6 19. Bf4 Re8 20. Qc2 d5 21. Rad1 Qb6 22. Bxh6 gxh6 23. Nxd5 Nxd5 24. Rxd5 Nd4 25. Rxd4 Bxf3 26. Rf4 Bh5 27. Re6 Qxe6 28. Bxe6 fxe6 29. g4 Bf7 30. Rxf7 Kxf7 31. Qh7+ Kf6 32. Qxh6+ Ke5 33. h4 Bc5 34. Qg7+ Kd5 35. Kg2 Ra7 36. Qg5+ Kc6 37. b4 Bd6 38. Qc1+ Kd7 39. h5 Rc7 40. Qe3 Rf8 41. Qd3 Rc4 42. Qh7+ Kc6 43. Qg6 Rcf4 0-1

[Event "Kemerovo Region-ch"]
[Site "Kemerovo"]
[Date "2013.10.21"]
[Round "6"]
[White "Feofanov, Andrei"]
[Black "Nevostrujev, Vladimir"]
[Result "1/2-1/2"]
[WhiteElo "2066"]
[BlackElo "2451"]
[PlyCount "39"]
[EventDate "2013.10.18"]
[EventType "swiss"]
[EventRounds "9"]
[EventCountry "RUS"]
[SourceTitle "EXT 2014"]
[Source "ChessBase"]
[SourceDate "2013.11.20"]
[SourceVersion "1"]
[SourceVersionDate "2013.11.20"]
[SourceQuality "1"]

1. Nf3 c5 2. c4 Nf6 3. g3 d5 4. Bg2 Nc6 5. cxd5 Nxd5 6. d4 Bf5 7. Na3 Ndb4 8. Be3 g5 9. Qa4 Bg7 10. Rd1 Qd5 11. 0-0 0-0 12. Rd2 g4 13. Ne5 Be4 14. Nxc6 Qxc6 15. Qxc6 Bxc6 16. d5 Bd7 17. Bxc5 Nxa2 18. Bxe7 Rfc8 19. Nb1 a5 20. f4 1/2-1/2

[Event "Kemerovo Region-ch"]
[Site "Kemerovo"]
[Date "2013.10.21"]
[Round "5"]
[White "Nevostrujev, Vladimir"]
[Black "Kharchenko, Alexey"]
[Result "1-0"]
[WhiteElo "2451"]
[BlackElo "1940"]
[PlyCount "45"]
[EventDate "2013.10.18"]
[EventType "swiss"]
[EventRounds "9"]
[EventCountry "RUS"]
[SourceTitle "EXT 2014"]
[Source "ChessBase"]
[SourceDate "2013.11.20"]
[SourceVersion "1"]
[SourceVersionDate "2013.11.20"]
[SourceQuality "1"]

1. e4 c5 2. Nf3 Nc6 3. d4 cxd4 4. Nxd4 g6 5. c4 Nf6 6. Nc3 Nxd4 7. Qxd4 d6 8. Be3 Bg7 9. Be2 0-0 10. Qd2 Be6 11. 0-0 Rc8 12. b3 a6 13. Rfc1 Qa5 14. Rab1 Rfd8 15. Qe1 Qc7 16. f4 Ng4 17. Bxg4 Bxg4 18. Nd5 Qd7 19. Qh4 Bf6 20. Nxf6+ exf6 21. Bd4 Qe6 22. f5 gxf5 23. Bxf6 1-0